10 Największych miast w Belgii - Statystyki

Ogólne statystyki
  • Ten quiz został rozwiązany 72 razy
    36 od ostatniego zresetowania
  • Średni wynik to 5 z 10
Statystyki odpowiedzi
Liczba Ludności Miasto % Poprawnych
197 129 Bruksela
97%
560 824 Antwerpia
87%
272 184 Gandawa
87%
197 137 Liège
73%
120 203 Brugia
63%
205 536 Charleroi
43%
128 063 Anderlecht
33%
104 812 Leuven
17%
114 886 Namur
17%
129 086 Schaarbeek
10%
Nie znaleziono quizów pasujących do podanych kryteriów
Rozkład punktacji
Procent ludzi z każdym wynikiem
Percentyl według liczby udzielonych odpowiedzi
Twoja historia wyników
Nie rozwiązałeś tego quizu od ostatniego zresetowania